[Event "Caspian Cup 20th"]
[Site "Rasht"]
[Date "2024.02.03"]
[Round "1"]
[White "Atabayev, Maksat"]
[Black "Gerayeli, Kiarash"]
[Result "1-0"]
[WhiteElo "2426"]
[BlackElo "2040"]
[PlyCount "100"]
[EventDate "2024.02.03"]
[EventType "swiss"]
[EventRounds "9"]
[EventCountry "IRI"]
[SourceTitle "CB07_2024"]
[SourceDate "2024.02.14"]
[SourceVersion "1"]
[SourceVersionDate "2024.02.14"]
[SourceQuality "1"]

1. e4 c5 2. Nf3 Nc6 3. Bc4 e6 4. 0-0 d5 5. exd5 exd5 6. Re1+ Be7 7. Bb5 Nf6 8. d4 0-0 9. dxc5 Bxc5 10. Be3 Qb6 11. Bxc5 Qxc5 12. Bxc6 bxc6 13. Nc3 Bg4 14. Qd4 Qxd4 15. Nxd4 c5 16. Nc6 d4 17. Na4 Kh8 18. Ne5 Bf5 19. Nxc5 Bxc2 20. Rac1 Bg6 21. Red1 Rfe8 22. Nxg6+ hxg6 23. Rxd4 Re2 24. Na4 Rae8 25. Kf1 Kh7 26. Rh4+ Kg8 27. Rhc4 Kh7 28. R4c2 R2e5 29. Nc3 g5 30. h3 Kg6 31. Re2 Rxe2 32. Nxe2 Rd8 33. Ke1 g4 34. h4 Rd7 35. Rc4 Kf5 36. Nc3 Re7+ 37. Kd2 Rd7+ 38. Kc2 Re7 39. g3 Ne4 40. Nxe4 Rxe4 41. Rc5+ Ke6 42. Kd3 Re1 43. Ra5 Rd1+ 44. Ke3 Rd7 45. b3 f5 46. Kf4 Rd4+ 47. Kg5 Rd2 48. Rxf5 Rxa2 49. b4 Rb2 50. Rf4 Kd5 1-0

[Event "Julius Baer Play In"]
[Site "Chess.com INT"]
[Date "2023.07.24"]
[Round "1.28"]
[White "Daneshvar, Bardiya"]
[Black "Atabayev, Maksat"]
[Result "1-0"]
[WhiteElo "2577"]
[BlackElo "2463"]
[PlyCount "87"]
[EventDate "2023.07.24"]
[EventType "swiss (rapid)"]
[EventRounds "9"]
[EventCountry "GER"]
[SourceTitle "CBM 215 Extra"]
[Source "ChessBase"]
[SourceDate "2023.09.30"]
[SourceVersion "1"]
[SourceVersionDate "2023.09.30"]
[SourceQuality "1"]

1. Nf3 d5 2. b3 Nf6 3. Bb2 e6 4. g3 Be7 5. Bg2 0-0 6. c4 c6 7. 0-0 Nbd7 8. d3 a5 9. Nc3 Nc5 10. Qc2 Qc7 11. Rac1 Rd8 12. d4 Nce4 13. Na4 Bd7 14. c5 Be8 15. Ne5 h6 16. f3 Ng5 17. e3 Nd7 18. Nd3 f5 19. Nf4 Nf8 20. Bc3 Nf7 21. Nb6 Ra6 22. Qd2 e5 23. Ne2 Rxb6 24. cxb6 Qb8 25. Bxa5 Ne6 26. Bb4 Bf6 27. f4 exd4 28. Nxd4 Nxd4 29. exd4 Nd6 30. Bxd6 Qxd6 31. Rfe1 Bd7 32. a4 Ra8 33. Rc5 g5 34. a5 gxf4 35. gxf4 Kf7 36. b4 Rg8 37. Qf2 Rg4 38. Rf1 Qe7 39. Kh1 Bh4 40. Qd2 Rg8 41. Bf3 Qd6 42. Rcc1 Bd8 43. Rg1 Rf8 44. Bh5+ 1-0

[Event "Asian Continental op 19th"]
[Site "Delhi"]
[Date "2022.11.03"]
[Round "9"]
[White "Aravindh, Chithambaram VR"]
[Black "Atabayev, Maksat"]
[Result "1-0"]
[WhiteElo "2625"]
[BlackElo "2475"]
[PlyCount "105"]
[EventDate "2022.10.26"]
[EventType "swiss"]
[EventRounds "9"]
[EventCountry "IND"]
[SourceTitle "EXT 2024"]
[Source "ChessBase"]
[SourceDate "2023.10.10"]
[SourceVersion "1"]
[SourceVersionDate "2023.10.10"]
[SourceQuality "1"]

1. c4 e5 2. Nc3 Nf6 3. g3 Nc6 4. Bg2 Bc5 5. a3 0-0 6. e3 Re8 7. b4 Bd4 8. Nge2 Bxc3 9. Nxc3 d6 10. Nd5 Nxd5 11. cxd5 Ne7 12. d4 Nf5 13. 0-0 Bd7 14. a4 Qf6 15. dxe5 dxe5 16. Bb2 Qb6 17. Qd2 Qh6 18. Rfc1 Rac8 19. Rc5 Re7 20. Qc2 Qd6 21. Rc1 g6 22. Rxc7 Rxc7 23. Qxc7 Bxa4 24. Qa5 Qa6 25. Rc8+ Be8 26. Qxa6 bxa6 27. Rd8 Ng7 28. Bf1 f6 29. Bxa6 Rc7 30. b5 Rd7 31. Rxd7 Bxd7 32. Ba3 Ne8 33. d6 Kf7 34. e4 f5 35. exf5 gxf5 36. Bc5 Ke6 37. Bxa7 Nxd6 38. b6 Bc6 39. Bb8 Nb7 40. f4 exf4 41. Bxf4 Nc5 42. Bc8+ Kf6 43. Kf2 h5 44. Ke3 Nb7 45. Kd4 Bf3 46. Bd7 Be4 47. Be8 Bf3 48. Ke3 Ke7 49. Bb5 Bh1 50. Be2 Na5 51. Kd4 Ke6 52. Bxh5 Nb3+ 53. Kc3 1-0

[Event "Titled Tuesday intern op 28th Sept"]
[Site "Chess.com INT"]
[Date "2021.09.28"]
[Round "6"]
[White "Atabayev, Maksat"]
[Black "Lysyj, Igor"]
[Result "0-1"]
[WhiteElo "2475"]
[BlackElo "2603"]
[PlyCount "110"]
[EventDate "2021.09.28"]
[EventType "swiss (blitz)"]
[EventRounds "11"]
[EventCountry "USA"]
[SourceTitle "CBM 204 Extra"]
[Source "ChessBase"]
[SourceDate "2021.11.30"]
[SourceVersion "1"]
[SourceVersionDate "2021.11.30"]
[SourceQuality "1"]

1. e4 e5 2. Nf3 Nc6 3. Nc3 Nf6 4. d4 exd4 5. Nxd4 Bb4 6. Nxc6 bxc6 7. Bd3 0-0 8. 0-0 d5 9. exd5 cxd5 10. h3 c6 11. Qf3 Bd6 12. Bf4 Qc7 13. Bxd6 Qxd6 14. Ne2 Bd7 15. b3 c5 16. Rad1 Bc6 17. c3 Rad8 18. Qf4 Rfe8 19. Qxd6 Rxd6 20. Ng3 g6 21. b4 Ba4 22. Rde1 Rc8 23. Re7 Bd7 24. Ne2 Kf8 25. Re5 Rb6 26. a3 a5 27. bxa5 Rb3 28. Ra1 Ra8 29. a6 c4 30. Bc2 Rb2 31. Nd4 Rxa6 32. a4 Ra5 33. f3 Nh5 34. Kh2 Nf4 35. Kg3 Ne6 36. Nxe6+ fxe6 37. Bd1 Rd2 38. Re3 Ke7 39. f4 Kd6 40. Rb1 Kc7 41. Bg4 Ra6 42. Rbe1 Rc2 43. Kh4 Rxg2 44. Bxe6 Bxe6 45. Rxe6 Rxe6 46. Rxe6 Rc2 47. Re3 Rd2 48. Kg5 Rd3 49. Re7+ Kd6 50. Rxh7 Rg3+ 51. Kf6 Rxc3 52. Kxg6 Rg3+ 53. Kf5 c3 54. Rh8 d4 55. Ke4 c2 0-1

[Event "Titled Tuesday intern op 28th Sept"]
[Site "Chess.com INT"]
[Date "2021.09.28"]
[Round "7"]
[White "Urazayev, Arystanbek"]
[Black "Atabayev, Maksat"]
[Result "1-0"]
[WhiteElo "2453"]
[BlackElo "2475"]
[PlyCount "99"]
[EventDate "2021.09.28"]
[EventType "swiss (blitz)"]
[EventRounds "11"]
[EventCountry "USA"]
[SourceTitle "CBM 204 Extra"]
[Source "ChessBase"]
[SourceDate "2021.11.30"]
[SourceVersion "1"]
[SourceVersionDate "2021.11.30"]
[SourceQuality "1"]

1. e4 c5 2. Nf3 a6 3. c3 e6 4. d4 d5 5. e5 Bd7 6. Bd3 Bb5 7. Bxb5+ axb5 8. 0-0 Nc6 9. Re1 cxd4 10. cxd4 b4 11. Nbd2 Nge7 12. Nb3 Nf5 13. Bg5 Qb6 14. g4 Nfe7 15. Be3 h5 16. h3 Ng6 17. Kg2 Be7 18. g5 Kd7 19. Re2 Rhc8 20. Rc2 Na5 21. Nc5+ Bxc5 22. dxc5 Qa6 23. b3 Nc6 24. Rd2 Ke8 25. Nd4 Ncxe5 26. Qxh5 Rxc5 27. f4 Rc3 28. Qe2 Nd3 29. Rf1 Nc5 30. Nb5 Rc8 31. Nxc3 bxc3 32. Qxa6 bxa6 33. Rc2 Ne4 34. Bd4 Nh4+ 35. Kh2 Nf5 36. Bg1 d4 37. Rd1 Rd8 38. Rd3 Nc5 39. Rdxc3 dxc3 40. Rxc3 Rd2+ 41. Kh1 Ne4 42. Be3 Rd1+ 43. Kg2 Nxc3 44. Bb6 Ne4 45. Kf3 Ned6 46. g6 Rh1 47. gxf7+ Kxf7 48. Kg2 Rb1 49. Bf2 Kg6 50. Kf3 1-0